[Event "-chT Youth Countries 2019"]
[Site "Wuerzburg"]
[Date "2019.10.04"]
[Round "5.4"]
[White "Muller, Magnus"]
[Black "Boder, Jan"]
[Result "1-0"]
[WhiteElo "1478"]
[BlackElo "2087"]
[Annotator "NA"]
[PlyCount "59"]
[EventDate "2019.10.02"]
[EventType "team-tourn"]
[EventRounds "7"]
[EventCountry "GER"]
[SourceTitle "playchess.com"]
[Source "ChessBase"]
[SourceQuality "1"]
[WhiteTeam "Thüringen"]
[BlackTeam "Rheinland-Pfalz"]
[TimeControl "40/5400+30:1800+30"]

1. c4 {[%emt 0:00:00]} e5 {[%emt 0:00:15]} 2. g3 {[%emt 0:00:00]} Nf6 {[%emt 0:00:03]} 3. Bg2 {[%emt 0:00:00]} d5 {[%emt 0:00:04]} 4. cxd5 {[%emt 0:00:00]} Nxd5 {[%emt 0:00:03]} 5. Nf3 {[%emt 0:00:02]} Nc6 {[%emt 0:00:33]} 6. O-O {[%emt 0:00:39]} Nb6 {[%emt 0:00:14]} 7. d3 {[%emt 0:00:31]} Be7 {[%emt 0:00:10]} 8. b3 {[%emt 0:00:05]} O-O {[%emt 0:01:25]} 9. Bb2 {[%emt 0:00:41]} f6 {[%emt 0:01:10]} 10. Nbd2 {[%emt 0:00:39]} Be6 {[%emt 0:00:33]} 11. Rc1 {[%emt 0:03:16]} a5 {[%emt 0:02:13]} 12. a3 {[%emt 0:01:53]} Ra7 {[%emt 0:05:47]} 13. Qc2 {[%emt 0:03:23]} Qd7 {[%emt 0:01:42]} 14. Rfd1 {[%emt 0:12:43]} Rc8 {[%emt 0:02:27]} 15. e3 {[%emt 0:01:12]} a4 {[%emt 0:22:06]} 16. b4 {[%emt 0:02:04]} Bxb4 {[%emt 0:01:41]} 17. axb4 {[%emt 0:02:18]} Nxb4 {[%emt 0:00:23]} 18. Qb1 {[%emt 0:00:32]} Ba2 {[%emt 0:18:49]} 19. Qa1 {[%emt 0:00:10]} Qf7 {[%emt 0:00:09]} 20. Nc4 {[%emt 0:10:16]} Bxc4 {[%emt 0:02:02]} 21. dxc4 {[%emt 0:01:55]} c5 {[%emt 0:12:56]} 22. Ba3 {[%emt 0:05:33]} Qe6 {[%emt 0:00:54]} 23. Bxb4 {[%emt 0:04:30]} cxb4 {[%emt 0:00:08]} 24. c5 {[%emt 0:00:12]} Rca8 {[%emt 0:08:18]} 25. Rd6 {[%emt 0:02:59]} Qe7 {[%emt 0:00:41]} 26. Rxb6 {[%emt 0:02:27]} b3 {[%emt 0:00:05]} 27. Nd2 {[%emt 0:01:41]} Qf7 {[%emt 0:00:51]} 28. Qa3 {[%emt 0:01:48]} Rd8 {[%emt 0:00:32]} 29. Rd6 {[%emt 0:01:30]} Rxd6 {[%emt 0:00:47]} 30. cxd6 {[%emt 0:01:30] normal} 1-0

[Event "-chT Youth Countries 2019"]
[Site "Wuerzburg"]
[Date "2019.10.04"]
[Round "5.5"]
[White "Arnhold, Steffi"]
[Black "Hetzner, Hannes"]
[Result "1-0"]
[WhiteElo "2042"]
[BlackElo "1996"]
[Annotator "NA"]
[PlyCount "87"]
[EventDate "2019.10.02"]
[EventType "team-tourn"]
[EventRounds "7"]
[EventCountry "GER"]
[SourceTitle "playchess.com"]
[Source "ChessBase"]
[SourceQuality "1"]
[WhiteTeam "Sachsen"]
[BlackTeam "Bayern 1"]
[TimeControl "40/5400+30:1800+30"]

1. e4 {[%emt 0:00:00]} e6 {[%emt 0:00:00]} 2. d4 {[%emt 0:00:00]} d5 {[%emt 0:00:00]} 3. Nc3 {[%emt 0:00:00]} Bb4 {[%emt 0:00:03]} 4. e5 {[%emt 0:00:00]} c5 {[%emt 0:00:06]} 5. a3 {[%emt 0:00:18]} Bxc3+ {[%emt 0:00:07]} 6. bxc3 {[%emt 0:00:11]} Ne7 {[%emt 0:00:08]} 7. Bd3 {[%emt 0:00:14]} Qc7 {[%emt 0:01:30]} 8. Qg4 {[%emt 0:00:42]} cxd4 {[%emt 0:02:04]} 9. Ne2 {[%emt 0:00:33]} dxc3 {[%emt 0:01:52]} 10. Qxg7 {[%emt 0:10:50]} Rg8 {[%emt 0:00:37]} 11. Qxh7 {[%emt 0:00:07]} Qxe5 {[%emt 0:01:10]} 12. Bf4 {[%emt 0:03:14]} Qf6 {[%emt 0:00:33]} 13. Qh5 {[%emt 0:08:29]} Nbc6 {[%emt 0:10:40]} 14. h4 {[%emt 0:07:28]} Bd7 {[%emt 0:09:15]} 15. Bg5 {[%emt 0:06:27]} Qe5 {[%emt 0:02:10]} 16. Qf3 {[%emt 0:06:53]} Nd4 {[%emt 0:08:51]} 17. Qf6 {[%emt 0:02:43]} Qxf6 {[%emt 0:00:51]} 18. Bxf6 {[%emt 0:00:07]} Nxe2 {[%emt 0:00:17]} 19. Kxe2 {[%emt 0:00:26]} Rg4 {[%emt 0:09:53]} 20. h5 {[%emt 0:03:36]} Ng8 {[%emt 0:01:00]} 21. Bxc3 {[%emt 0:00:48]} Nh6 {[%emt 0:07:52]} 22. Bd2 {[%emt 0:03:03]} Nf5 {[%emt 0:00:58]} 23. Kf3 {[%emt 0:07:40]} Rg8 {[%emt 0:02:28]} 24. Bxf5 {[%emt 0:04:11]} exf5 {[%emt 0:00:13]} 25. h6 {[%emt 0:00:49]} f6 {[%emt 0:05:59]} 26. h7 {[%emt 0:02:08]} Rh8 {[%emt 0:00:09]} 27. Bc3 {[%emt 0:00:30]} Kf7 {[%emt 0:01:52]} 28. Rh6 {[%emt 0:01:47]} Kg7 {[%emt 0:00:07]} 29. Rah1 {[%emt 0:01:26]} Raf8 {[%emt 0:00:20]} 30. Kf4 {[%emt 0:01:08]} Be8 {[%emt 0:03:21]} 31. Kxf5 {[%emt 0:03:37]} Bd7+ {[%emt 0:00:06]} 32. Kf4 {[%emt 0:00:15]} Be8 {[%emt 0:00:05]} 33. Bb4 {[%emt 0:02:10]} Rf7 {[%emt 0:00:51]} 34. g4 {[%emt 0:01:20]} Rc7 {[%emt 0:02:06]} 35. c3 {[%emt 0:15:07]} b6 {[%emt 0:06:57]} 36. f3 {[%emt 0:05:41]} a5 {[%emt 0:04:27]} 37. Bd6 {[%emt 0:00:39]} Rd7 {[%emt 0:00:56]} 38. Rxf6 {[%emt 0:00:47]} Kxf6 {[%emt 0:14:18]} 39. Be5+ {[%emt 0:00:09]} Kg6 {[%emt 0:00:38]} 40. Bxh8 {[%emt 0:00:15]} Rxh7 {[%emt 0:00:15]} 41. Rxh7 {[%emt 0:30:22]} Kxh7 {[%emt 0:30:07]} 42. Bd4 {[%emt 0:02:34]} b5 {[%emt 0:04:28]} 43. Ke5 {[%emt 0:00:00]} Bc6 {[%emt 0:00:00] normal} 44. Kf6 {[%emt 0:00:00] normal} 1-0

[Event "-chT Youth Countries 2019"]
[Site "Wuerzburg"]
[Date "2019.10.04"]
[Round "5.5"]
[White "Farokhi, Keyvan"]
[Black "Stockmann, Till"]
[Result "1-0"]
[WhiteElo "2018"]
[BlackElo "1884"]
[Annotator "NA"]
[PlyCount "43"]
[EventDate "2019.10.02"]
[EventType "team-tourn"]
[EventRounds "7"]
[EventCountry "GER"]
[SourceTitle "playchess.com"]
[Source "ChessBase"]
[SourceQuality "1"]
[WhiteTeam "Schleswig-Holstein"]
[BlackTeam "Sachsen-Anhalt"]
[TimeControl "40/5400+30:1800+30"]

1. d4 {[%emt 0:00:00]} Nf6 {[%emt 0:00:00]} 2. Bf4 {[%emt 0:00:00]} g6 {[%emt 0:02:39]} 3. Nc3 {[%emt 0:00:00]} d6 {[%emt 0:08:07]} 4. e4 {[%emt 0:00:21]} Bg7 {[%emt 0:01:12]} 5. Qd2 {[%emt 0:00:25]} h6 {[%emt 0:01:46]} 6. h4 {[%emt 0:00:31]} Nbd7 {[%emt 0:00:56]} 7. O-O-O {[%emt 0:00:29]} c6 {[%emt 0:04:50]} 8. e5 {[%emt 0:01:38]} dxe5 {[%emt 0:00:40]} 9. dxe5 {[%emt 0:00:01]} Nh7 {[%emt 0:05:29]} 10. e6 {[%emt 0:05:58]} fxe6 {[%emt 0:00:27]} 11. Bxh6 {[%emt 0:00:13]} Kf7 {[%emt 0:03:20]} 12. Bxg7 {[%emt 0:00:38]} Kxg7 {[%emt 0:00:05]} 13. h5 {[%emt 0:01:11]} Nhf6 {[%emt 0:00:35]} 14. h6+ {[%emt 0:00:35]} Kf7 {[%emt 0:00:57]} 15. Nf3 {[%emt 0:00:35]} Qg8 {[%emt 0:04:47]} 16. Ng5+ {[%emt 0:02:24]} Ke8 {[%emt 0:03:21]} 17. Bc4 {[%emt 0:00:45]} Nd5 {[%emt 0:06:54]} 18. h7 {[%emt 0:00:10]} Qf8 {[%emt 0:00:25]} 19. Nxe6 {[%emt 0:00:07]} Qf6 {[%emt 0:00:25]} 20. Bxd5 {[%emt 0:00:16]} cxd5 {[%emt 0:00:14]} 21. Nxd5 {[%emt 0:00:46]} Qf5 {[%emt 0:00:45]} 22. Ng7+ {[%emt 0:00:04] normal} 1-0

[Event "-chT Youth Countries 2019"]
[Site "Wuerzburg"]
[Date "2019.10.04"]
[Round "5.5"]
[White "Reitz, Theresa"]
[Black "Nguyen, Ha Thanh"]
[Result "1-0"]
[WhiteElo "1935"]
[BlackElo "1998"]
[Annotator "NA"]
[PlyCount "88"]
[EventDate "2019.10.02"]
[EventType "team-tourn"]
[EventRounds "7"]
[EventCountry "GER"]
[SourceTitle "playchess.com"]
[Source "ChessBase"]
[SourceQuality "1"]
[WhiteTeam "Rheinland-Pfalz"]
[BlackTeam "Thüringen"]
[TimeControl "40/5400+30:1800+30"]

1. e4 {[%emt 0:00:00]} c5 {[%emt 0:00:00]} 2. Nc3 {[%emt 0:00:00]} Nc6 {[%emt 0:00:00]} 3. Bb5 {[%emt 0:00:00]} Nd4 {[%emt 0:00:07]} 4. Bc4 {[%emt 0:00:00]} e6 {[%emt 0:00:59]} 5. Nge2 {[%emt 0:00:12]} Nf6 {[%emt 0:01:27]} 6. O-O {[%emt 0:00:38]} a6 {[%emt 0:01:13]} 7. d3 {[%emt 0:00:15]} b5 {[%emt 0:01:12]} 8. Bb3 {[%emt 0:00:11]} Nxb3 {[%emt 0:00:49]} 9. axb3 {[%emt 0:00:08]} Bb7 {[%emt 0:00:11]} 10. Bg5 {[%emt 0:02:58]} Be7 {[%emt 0:09:09]} 11. f4 {[%emt 0:02:10]} h6 {[%emt 0:07:57]} 12. Bxf6 {[%emt 0:01:58]} Bxf6 {[%emt 0:12:42]} 13. Ng3 {[%emt 0:03:21]} Bd4+ {[%emt 0:08:08]} 14. Kh1 {[%emt 0:03:30]} h5 {[%emt 0:00:27]} 15. Nge2 {[%emt 0:15:40]} Bf6 {[%emt 0:04:39]} 16. e5 {[%emt 0:08:15]} Be7 {[%emt 0:00:12]} 17. Ne4 {[%emt 0:03:41]} Qc7 {[%emt 0:01:56]} 18. Qd2 {[%emt 0:07:43]} h4 {[%emt 0:08:23]} 19. h3 {[%emt 0:00:27]} f5 {[%emt 0:01:46]} 20. N4c3 {[%emt 0:04:50]} Kf7 {[%emt 0:06:51]} 21. Ng1 {[%emt 0:01:56]} Rag8 {[%emt 0:02:17]} 22. Nf3 {[%emt 0:04:00]} g5 {[%emt 0:03:47]} 23. Nxg5+ {[%emt 0:01:19]} Bxg5 {[%emt 0:00:20]} 24. fxg5 {[%emt 0:00:10]} Rh5 {[%emt 0:00:12]} 25. Ne4 {[%emt 0:02:09]} Rg6 {[%emt 0:06:41]} 26. Qe2 {[%emt 0:07:02]} Rh8 {[%emt 0:00:40]} 27. Nd6+ {[%emt 0:05:07]} Ke7 {[%emt 0:00:37]} 28. Nxb7 {[%emt 0:00:20]} Qxb7 {[%emt 0:00:04]} 29. Qe3 {[%emt 0:02:26]} Qc8 {[%emt 0:00:43]} 30. Rf4 {[%emt 0:05:19]} Rxg5 {[%emt 0:08:12]} 31. Rxh4 {[%emt 0:04:52]} Rhg8 {[%emt 0:00:57]} 32. Rh7+ {[%emt 0:02:24]} Kd8 {[%emt 0:00:38]} 33. Qxg5+ {[%emt 0:02:01]} Rxg5 {[%emt 0:00:28]} 34. Rh8+ {[%emt 0:00:05]} Kc7 {[%emt 0:00:08]} 35. Rxc8+ {[%emt 0:00:06]} Kxc8 {[%emt 0:00:09]} 36. Rxa6 {[%emt 0:00:40]} f4 {[%emt 0:01:25]} 37. Ra5 {[%emt 0:00:42]} Rxe5 {[%emt 0:00:21]} 38. Rxb5 {[%emt 0:00:13]} d6 {[%emt 0:00:26]} 39. b4 {[%emt 0:06:11]} Re1+ {[%emt 0:00:16]} 40. Kh2 {[%emt 0:00:23]} Re2 {[%emt 0:00:09]} 41. Kg1 {[%emt 0:32:15]} Rxc2 {[%emt 0:31:20]} 42. bxc5 {[%emt 0:00:25]} dxc5 {[%emt 0:01:19]} 43. b4 {[%emt 0:02:52]} cxb4 {[%emt 0:03:31]} 44. Rxb4 {[%emt 0:00:13]} e5 {[%emt 0:00:06] normal} 1-0

[Event "-chT Youth Countries 2019"]
[Site "Wuerzburg"]
[Date "2019.10.04"]
[Round "5.5"]
[White "Bashylina, Luisa"]
[Black "Zhou, Lepu Coco"]
[Result "1-0"]
[WhiteElo "1933"]
[BlackElo "1739"]
[Annotator "NA"]
[PlyCount "83"]
[EventDate "2019.10.02"]
[EventType "team-tourn"]
[EventRounds "7"]
[EventCountry "GER"]
[SourceTitle "playchess.com"]
[Source "ChessBase"]
[SourceQuality "1"]
[WhiteTeam "Nordrhein-Westfalen"]
[BlackTeam "Berlin"]
[TimeControl "40/5400+30:1800+30"]

1. e4 {[%emt 0:00:00]} e5 {[%emt 0:00:00]} 2. Nf3 {[%emt 0:00:00]} Nc6 {[%emt 0:00:00]} 3. d4 {[%emt 0:00:03]} exd4 {[%emt 0:00:00]} 4. Nxd4 {[%emt 0:00:03]} Nf6 {[%emt 0:00:00]} 5. Nxc6 {[%emt 0:00:04]} bxc6 {[%emt 0:00:04]} 6. e5 {[%emt 0:00:15]} Qe7 {[%emt 0:00:34]} 7. Qe2 {[%emt 0:00:06]} Nd5 {[%emt 0:00:21]} 8. c4 {[%emt 0:00:28]} Ba6 {[%emt 0:00:45]} 9. b3 {[%emt 0:01:26]} g6 {[%emt 0:06:09]} 10. f4 {[%emt 0:05:34]} Bg7 {[%emt 0:03:32]} 11. g3 {[%emt 0:04:10]} Nb6 {[%emt 0:08:58]} 12. Ba3 {[%emt 0:02:40]} c5 {[%emt 0:00:55]} 13. Qf2 {[%emt 0:05:29]} O-O {[%emt 0:04:33]} 14. Be2 {[%emt 0:22:26]} Bb7 {[%emt 0:01:45]} 15. O-O {[%emt 0:00:50]} d6 {[%emt 0:01:31]} 16. Nd2 {[%emt 0:01:21]} Nd7 {[%emt 0:02:26]} 17. Bf3 {[%emt 0:07:50]} Bxf3 {[%emt 0:02:56]} 18. Nxf3 {[%emt 0:00:10]} dxe5 {[%emt 0:00:46]} 19. fxe5 {[%emt 0:01:10]} Rfe8 {[%emt 0:06:05]} 20. Rae1 {[%emt 0:01:52]} Rad8 {[%emt 0:02:25]} 21. Nd4 {[%emt 0:04:35]} Bxe5 {[%emt 0:08:58]} 22. Nc6 {[%emt 0:00:50]} Qf8 {[%emt 0:00:53]} 23. Rxe5 {[%emt 0:05:46]} Nxe5 {[%emt 0:09:20]} 24. Nxd8 {[%emt 0:01:19]} Rxd8 {[%emt 0:01:07]} 25. Bxc5 {[%emt 0:03:09]} Nd3 {[%emt 0:03:25]} 26. Bxf8 {[%emt 0:02:27]} Nxf2 {[%emt 0:00:06]} 27. Bc5 {[%emt 0:02:32]} Ne4 {[%emt 0:01:56]} 28. Be3 {[%emt 0:03:41]} Nd2 {[%emt 0:02:45]} 29. Rf6 {[%emt 0:03:38]} Ne4 {[%emt 0:09:01]} 30. Ra6 {[%emt 0:02:30]} Rd1+ {[%emt 0:00:35]} 31. Kg2 {[%emt 0:00:12]} Re1 {[%emt 0:00:55]} 32. Bxa7 {[%emt 0:01:36]} Re2+ {[%emt 0:00:45]} 33. Kf3 {[%emt 0:00:28]} Nc3 {[%emt 0:00:18]} 34. a4 {[%emt 0:01:12]} Rd2 {[%emt 0:01:50]} 35. Rc6 {[%emt 0:02:20]} Rd3+ {[%emt 0:02:15]} 36. Kg2 {[%emt 0:02:27]} Na2 {[%emt 0:02:35]} 37. Rxc7 {[%emt 0:01:40]} Rxb3 {[%emt 0:01:04]} 38. Bd4 {[%emt 0:01:25]} Kf8 {[%emt 0:03:06]} 39. a5 {[%emt 0:00:22]} Rb8 {[%emt 0:03:06]} 40. a6 {[%emt 0:01:24]} Nb4 {[%emt 0:00:58]} 41. Bc5+ {[%emt 0:30:21]} Kg7 {[%emt 0:30:20]} 42. a7 {[%emt 0:00:19] normal} 1-0

[Event "-chT Youth Countries 2019"]
[Site "Wuerzburg"]
[Date "2019.10.04"]
[Round "5.5"]
[White "Khamenya, Vitalia"]
[Black "Moenster, Madita"]
[Result "1/2-1/2"]
[WhiteElo "1908"]
[BlackElo "1916"]
[Annotator "NA"]
[PlyCount "61"]
[EventDate "2019.10.02"]
[EventType "team-tourn"]
[EventRounds "7"]
[EventCountry "GER"]
[SourceTitle "playchess.com"]
[Source "ChessBase"]
[SourceQuality "1"]
[WhiteTeam "Bayern 2"]
[BlackTeam "Niedersachsen"]
[TimeControl "40/5400+30:1800+30"]

1. e4 {[%emt 0:00:00]} c5 {[%emt 0:00:00]} 2. Nf3 {[%emt 0:00:00]} d6 {[%emt 0:00:00]} 3. d4 {[%emt 0:00:00]} cxd4 {[%emt 0:00:00]} 4. Nxd4 {[%emt 0:00:00]} Nf6 {[%emt 0:00:00]} 5. Nc3 {[%emt 0:00:00]} a6 {[%emt 0:00:06]} 6. f4 {[%emt 0:00:00]} e5 {[%emt 0:00:31]} 7. Nf3 {[%emt 0:00:02]} Nc6 {[%emt 0:02:26]} 8. a4 {[%emt 0:07:40]} Be7 {[%emt 0:03:46]} 9. Bc4 {[%emt 0:00:40]} O-O {[%emt 0:03:29]} 10. O-O {[%emt 0:00:40]} Qc7 {[%emt 0:04:20]} 11. Ba2 {[%emt 0:13:23]} Bd7 {[%emt 0:07:04]} 12. Qe1 {[%emt 0:04:02]} Nb4 {[%emt 0:16:53]} 13. Bb3 {[%emt 0:02:23]} a5 {[%emt 0:10:52]} 14. f5 {[%emt 0:04:15]} Bc6 {[%emt 0:02:16]} 15. Qg3 {[%emt 0:05:39]} Nxe4 {[%emt 0:08:01]} 16. Nxe4 {[%emt 0:01:41]} Bxe4 {[%emt 0:00:08]} 17. Bh6 {[%emt 0:00:57]} Bf6 {[%emt 0:02:31]} 18. Ng5 {[%emt 0:26:41]} Qc5+ {[%emt 0:15:04]} 19. Kh1 {[%emt 0:00:48]} Qc6 {[%emt 0:00:53]} 20. Rf2 {[%emt 0:03:57]} Kh8 {[%emt 0:12:07]} 21. Bxg7+ {[%emt 0:09:25]} Bxg7 {[%emt 0:00:09]} 22. Qh4 {[%emt 0:00:25]} h6 {[%emt 0:01:01]} 23. f6 {[%emt 0:10:38]} d5 {[%emt 0:03:13]} 24. Nxe4 {[%emt 0:03:37]} dxe4 {[%emt 0:00:27]} 25. Raf1 {[%emt 0:00:09]} Nd5 {[%emt 0:02:13]} 26. Bxd5 {[%emt 0:02:04]} Qxd5 {[%emt 0:00:08]} 27. fxg7+ {[%emt 0:00:14]} Kxg7 {[%emt 0:00:06]} 28. Qf6+ {[%emt 0:00:41]} Kh7 {[%emt 0:00:52]} 29. Qf5+ {[%emt 0:03:34]} Kg7 30. Qf6+ {[%emt 0:00:30]} Kh7 31. Qf5+ {[%emt 0:00:30] normal} 1/2-1/2

[Event "-chT Youth Countries 2019"]
[Site "Wuerzburg"]
[Date "2019.10.04"]
[Round "5.5"]
[White "Kobald, Jacqueline"]
[Black "Schiewe, Nadin"]
[Result "1/2-1/2"]
[WhiteElo "1884"]
[BlackElo "1593"]
[Annotator "NA"]
[PlyCount "82"]
[EventDate "2019.10.02"]
[EventType "team-tourn"]
[EventRounds "7"]
[EventCountry "GER"]
[SourceTitle "playchess.com"]
[Source "ChessBase"]
[SourceQuality "1"]
[WhiteTeam "Württemberg"]
[BlackTeam "Brandenburg/Berlin"]
[TimeControl "40/5400+30:1800+30"]

1. e4 {[%emt 0:00:00]} d6 {[%emt 0:00:00]} 2. d4 {[%emt 0:00:00]} Nf6 {[%emt 0:00:00]} 3. Nc3 {[%emt 0:01:46]} g6 {[%emt 0:00:28]} 4. h3 {[%emt 0:03:37]} c6 {[%emt 0:03:20]} 5. a4 {[%emt 0:04:12]} Nbd7 {[%emt 0:01:49]} 6. Nf3 {[%emt 0:00:31]} Bg7 {[%emt 0:02:11]} 7. e5 {[%emt 0:15:34]} dxe5 {[%emt 0:01:43]} 8. dxe5 {[%emt 0:00:17]} Nd5 {[%emt 0:06:40]} 9. Nxd5 {[%emt 0:02:07]} cxd5 {[%emt 0:00:16]} 10. Qxd5 {[%emt 0:00:23]} Nxe5 {[%emt 0:02:03]} 11. Bb5+ {[%emt 0:03:32]} Nd7 {[%emt 0:00:17]} 12. O-O {[%emt 0:00:47]} O-O {[%emt 0:01:10]} 13. Rd1 {[%emt 0:06:04]} Qc7 {[%emt 0:09:49]} 14. Qc4 {[%emt 0:11:38]} Qxc4 {[%emt 0:01:16]} 15. Bxc4 {[%emt 0:00:05]} Ne5 {[%emt 0:09:09]} 16. Nxe5 {[%emt 0:05:34]} Bxe5 {[%emt 0:00:08]} 17. Bh6 {[%emt 0:00:16]} Bg7 {[%emt 0:02:56]} 18. Bxg7 {[%emt 0:00:11]} Kxg7 {[%emt 0:00:08]} 19. Rd2 {[%emt 0:03:16]} b6 {[%emt 0:08:47]} 20. Rad1 {[%emt 0:03:01]} e6 {[%emt 0:03:27]} 21. Bb5 {[%emt 0:04:52]} Bb7 {[%emt 0:06:02]} 22. Rd7 {[%emt 0:00:24]} Rab8 {[%emt 0:00:19]} 23. Rc7 {[%emt 0:03:07]} Rfc8 {[%emt 0:02:49]} 24. Rdd7 {[%emt 0:01:20]} Rxc7 {[%emt 0:00:30]} 25. Rxc7 {[%emt 0:00:08]} a6 {[%emt 0:02:43]} 26. Bd3 {[%emt 0:01:14]} a5 {[%emt 0:07:22]} 27. f4 {[%emt 0:02:27]} Bd5 {[%emt 0:04:01]} 28. Kf2 {[%emt 0:04:25]} h5 {[%emt 0:01:56]} 29. g3 {[%emt 0:03:38]} Rd8 {[%emt 0:02:34]} 30. Bc4 {[%emt 0:08:13]} Kf6 {[%emt 0:07:00]} 31. Bxd5 {[%emt 0:01:37]} Rxd5 {[%emt 0:00:10]} 32. Ke3 {[%emt 0:02:09]} Rc5 {[%emt 0:04:29]} 33. Rxc5 {[%emt 0:00:29]} bxc5 {[%emt 0:00:05]} 34. Ke4 {[%emt 0:07:11]} Ke7 {[%emt 0:00:30]} 35. g4 {[%emt 0:01:08]} hxg4 {[%emt 0:01:00]} 36. hxg4 {[%emt 0:00:17]} Kd6 {[%emt 0:00:45]} 37. g5 {[%emt 0:00:26]} Kd7 {[%emt 0:03:30]} 38. Ke5 {[%emt 0:01:10]} Ke7 {[%emt 0:01:19]} 39. Ke4 {[%emt 0:00:50]} Kd6 {[%emt 0:00:38]} 40. b3 {[%emt 0:01:09]} Kd7 {[%emt 0:01:59]} 41. c3 {[%emt 0:20:31]} Kd6 {[%emt 0:02:56] normal} 1/2-1/2

[Event "-chT Youth Countries 2019"]
[Site "Wuerzburg"]
[Date "2019.10.04"]
[Round "5.5"]
[White "Amato, Cristiano"]
[Black "Roste, Hugo"]
[Result "1/2-1/2"]
[WhiteElo "1746"]
[BlackElo "1339"]
[Annotator "NA"]
[PlyCount "105"]
[EventDate "2019.10.02"]
[EventType "team-tourn"]
[EventRounds "7"]
[EventCountry "GER"]
[SourceTitle "playchess.com"]
[Source "ChessBase"]
[SourceQuality "1"]
[WhiteTeam "Baden 2"]
[BlackTeam "Mecklenburg-Vorpommern"]
[TimeControl "40/5400+30:1800+30"]

1. e4 {[%emt 0:00:00]} c5 {[%emt 0:00:00]} 2. Nc3 {[%emt 0:00:00]} e6 {[%emt 0:00:00]} 3. f4 {[%emt 0:00:01]} Nc6 {[%emt 0:00:36]} 4. Nf3 {[%emt 0:00:41]} a6 {[%emt 0:01:33]} 5. a4 {[%emt 0:00:45]} Qc7 {[%emt 0:01:28]} 6. Bc4 {[%emt 0:00:26]} Qxf4 {[%emt 0:09:24]} 7. d3 {[%emt 0:00:13]} Qc7 {[%emt 0:00:24]} 8. O-O {[%emt 0:00:20]} d6 {[%emt 0:00:43]} 9. Qe2 {[%emt 0:03:05]} Nf6 {[%emt 0:02:13]} 10. Bf4 {[%emt 0:00:44]} Be7 {[%emt 0:01:43]} 11. Qf2 {[%emt 0:02:19]} O-O {[%emt 0:02:03]} 12. h3 {[%emt 0:01:29]} b6 {[%emt 0:02:33]} 13. g4 {[%emt 0:01:08]} e5 {[%emt 0:01:17]} 14. Bd2 {[%emt 0:00:50]} h6 {[%emt 0:02:01]} 15. Rac1 {[%emt 0:10:06]} Bd8 {[%emt 0:06:17]} 16. Nd5 {[%emt 0:05:11]} Nxd5 {[%emt 0:00:40]} 17. exd5 {[%emt 0:00:15]} Ne7 {[%emt 0:02:36]} 18. Qg2 {[%emt 0:04:22]} Bd7 {[%emt 0:02:28]} 19. Nxe5 {[%emt 0:01:35]} dxe5 {[%emt 0:07:30]} 20. d6 {[%emt 0:00:08]} Qc6 {[%emt 0:00:22]} 21. dxe7 {[%emt 0:00:46]} Qxg2+ {[%emt 0:00:20]} 22. Kxg2 {[%emt 0:00:08]} Bxe7 {[%emt 0:00:20]} 23. Rce1 {[%emt 0:01:08]} Bd6 {[%emt 0:00:57]} 24. Bc3 {[%emt 0:00:10]} Rae8 {[%emt 0:04:16]} 25. a5 {[%emt 0:00:19]} b5 {[%emt 0:00:41]} 26. Bd5 {[%emt 0:00:20]} Re7 {[%emt 0:02:33]} 27. Re4 {[%emt 0:05:33]} Kh7 {[%emt 0:01:59]} 28. Rfe1 {[%emt 0:01:44]} f6 {[%emt 0:00:53]} 29. d4 {[%emt 0:02:31]} cxd4 {[%emt 0:01:04]} 30. Bxd4 {[%emt 0:00:07]} Be6 {[%emt 0:00:55]} 31. Bxe6 {[%emt 0:01:10]} Rxe6 {[%emt 0:00:06]} 32. Bb6 {[%emt 0:00:56]} Rc8 {[%emt 0:01:03]} 33. c3 {[%emt 0:00:41]} Bc7 {[%emt 0:00:47]} 34. Bxc7 {[%emt 0:00:43]} Rxc7 {[%emt 0:00:06]} 35. Rd1 {[%emt 0:00:07]} Kg6 {[%emt 0:04:01]} 36. Re2 {[%emt 0:00:59]} Kf7 {[%emt 0:00:18]} 37. Red2 {[%emt 0:00:17]} Ke7 {[%emt 0:00:40]} 38. Rd8 {[%emt 0:00:42]} Ra7 {[%emt 0:02:33]} 39. Rg8 {[%emt 0:00:23]} Kf7 {[%emt 0:00:49]} 40. Rdd8 {[%emt 0:00:52]} Ree7 {[%emt 0:02:28]} 41. Rgf8+ {[%emt 0:31:03]} Kg6 {[%emt 0:31:41]} 42. Rd1 {[%emt 0:00:18]} Red7 {[%emt 0:04:33]} 43. Rd8 {[%emt 0:00:09]} Rxd1 {[%emt 0:01:11]} 44. Rxd1 {[%emt 0:00:11]} h5 {[%emt 0:03:01]} 45. Rd6 {[%emt 0:02:54]} hxg4 {[%emt 0:01:14]} 46. hxg4 {[%emt 0:00:06]} Kg5 {[%emt 0:00:35]} 47. Kg3 {[%emt 0:00:14]} g6 {[%emt 0:00:30]} 48. Rd5 {[%emt 0:00:13]} Kh6 {[%emt 0:02:41]} 49. Kh4 {[%emt 0:01:00]} e4 {[%emt 0:02:56]} 50. Rd6 {[%emt 0:00:55]} Re7 {[%emt 0:00:55]} 51. Rxf6 {[%emt 0:00:21]} e3 {[%emt 0:01:43]} 52. g5+ {[%emt 0:00:06]} Kg7 {[%emt 0:00:13]} 53. Rf1 {[%emt 0:00:18] normal} 1/2-1/2